000 nam a22 a 4500
999 _c94843
_d94843
003 BLK
005 20230327140142.0
008 180408b bul|||||r ||||||| ||bul||
010 _aKNG00099672000
040 _aBLK
041 _aBUL
_cBUL
080 _aТеатър. Сценично изкуство. Вж 725.82; 782; 82-2
_b792
_z792
100 1 _aМихайлов, Анастас
_eпърви автор
_9269833
139 _aМихайлов, Анастас
_bМ 74
245 1 0 _aМизансцен
_cАнастас Михайлов.
257 _aBGR
260 _aСофия
_bНаука и изкуство
_c1961
300 _a256 с., 4 л.
_bил.
_c20 см
380 _a7
650 4 _aТеатър
_9173254
650 4 _aАктьорско майсторство
_9257274
653 _aтеатър
653 _aмизансцен
653 _aактьорско майсторство
852 _aЦб 20151
_bЦб
856 4 _qpdf
856 4 _qpdf
942 _cKNG
_n0
_s1
_01
944 _aCR
_c18.02.2011
_lдобави в АБ / 17.02.2011
_kНаталия_Любомирова
944 _aED
_c18.02.2011
_lдобави в АБ / 17.02.2011
999 _d94843